[Event "North Wales Open"]
[Site "Llandudno"]
[Date "2019.06.22"]
[Round "3.2"]
[White "Rathbone-Jones, Ifan"]
[Black "Carroll, Thomas"]
[Result "0-1"]
[WhiteElo "1887"]
[BlackElo "1986"]
[Annotator "kemen"]
[PlyCount "136"]
[EventDate "2019.06.22"]
[EventRounds "5"]
[EventCountry "WLS"]

1. d4 Nf6 2. c4 c5 3. e3 g6 4. Nc3 Bg7 5. Nf3 O-O 6. g3 (6. Be2 {main}) 6...
cxd4 7. exd4 d5 8. b3 (8. cxd5 Nxd5 9. Bg2 {main}) 8... Nc6 9. Bg2 dxc4 (9...
Bg4 {0-3}) 10. bxc4 Be6 {Stockfish10 & Komodo13} (10... Bg4 {0-2}) 11. c5 Bc4
$17 12. Bf1 Bxf1 (12... Nd5 13. Bxc4 Nxc3 14. Qb3 Nxd4 15. Nxd4 Qxd4 16. Be3
Qf6 $17 {Komodo13}) 13. Kxf1 Nd5 14. Ne2 Qd7 15. Kg2 Rfd8 16. Bb2 Qf5 17. Qb1
Qc8 (17... Qe6) 18. Qc2 (18. Qe4) 18... Rd7 19. a3 Qd8 20. Rhd1 (20. h4 h5 21.
Rhd1) 20... Rc8 21. Rac1 e6 22. Qe4 Qe7 23. Re1 Rcd8 24. Rcd1 Qf6 (24... e5 25.
Rb1 (25. dxe5 Ne3+ 26. fxe3 Rxd1 27. Rxd1 Rxd1 28. Bd4 Nxd4 29. exd4 Ra1 $17)
25... f5 26. Qc2 e4 27. Nd2 Qe6 $17 (27... e3 $17 {Komodo13})) 25. Rd2 (25. Nc3
Qe7) 25... Nde7 (25... Qe7) 26. Red1 {missing a chance to lift the blockade} (
26. d5 $1 exd5 27. Qa4 Qf5 28. Ned4 Nxd4 29. Nxd4 Bxd4 30. Qxd4 f6 31. Qxf6
Qxf6 32. Bxf6 $11 {Komodo13}) 26... Qf5 27. Qe3 Nd5 (27... Na5 $17) 28. Qb3 g5
(28... Bh6 29. Rc2 e5 $19 {destoying the centre}) 29. h3 h5 30. Qd3 Qf6 31. h4
g4 32. Ng5 Bh6 (32... Qf5) 33. Ne4 (33. Qh7+ Kf8 34. Bc1 Bxg5 35. hxg5 Qxg5 36.
Rb2 Qg6 37. Qh6+ Kg8 38. Rh1 Qxh6 39. Bxh6 e5 40. dxe5 Nxe5 41. Rxh5 Nf3 42.
Rb1 $11 {Komodo13}) 33... Qg6 34. Ng5 Qg7 35. Nf4 {hoping for a K side attack;
but its Bl who makes use of attacking prospects} (35. Bc1) 35... Bxg5 (35...
Nxf4+ 36. gxf4 Rd5 37. Bc3 e5 $19 {Komodo13}) 36. hxg5 Qxg5 $19 37. Rh1 Nxf4+ (
37... h4 $19 {Komodo13}) (37... Qxf4 38. gxf4 Nxf4+ 39. Kg3 Nxd3 40. Rxd3 Rd5
$19 {Komodo13}) 38. gxf4 Qg6 (38... Qd5+ 39. Kg1 Ne7 $19 {Komodo13}) 39. Qe3 (
39. Qxg6+ fxg6 40. Re1 Kf7 41. Re4 Ne7 $19 {Komodo13}) 39... Rd5 (39... Ne7)
40. f3 Rf5 (40... e5 $19 {Komodo13} 41. fxe5 Nxe5) 41. Kf1 Qh6 (41... Na5) (
41... Ne7) 42. fxg4 Qxf4+ 43. Qxf4 Rxf4+ 44. Ke2 Rxg4 45. Ke3 (45. Rxh5 Rg2+
46. Ke3 Rxd2 47. Kxd2 e5 $19 {Komodo13}) 45... Rd5 46. Rdh2 Nxd4 (46... Rg3+
47. Kd2 Rgg5 48. Ke3 Kg7) 47. Rxh5 Rxh5 (47... Rg3+ 48. Kf2 Rf3+ 49. Kg2 Rxh5
50. Rxh5 Rd3 {Komodo13}) 48. Rxh5 Nf5+ 49. Kf3 Rh4 50. Rg5+ Kf8 51. Bf6 Rh3+ (
51... Rh6 52. Bb2 Ke7) 52. Ke4 Re3+ 53. Kf4 Rxa3 54. Rh5 Ke8 55. Rh8+ Kd7 56.
Rf8 Kc6 57. Rc8+ Kd7 (57... Kd5) 58. Rd8+ Kc7 59. Rf8 Rb3 60. Ke5 Re3+ 61. Kf4
Rd3 62. Be5+ (62. Rxf7+ Kc6) 62... Kc6 63. Rc8+ Kb5 (63... Kd5) 64. Rc7 a5 (
64... b6 65. cxb6 axb6 66. Rxf7 Ne3 $19 {Komodo13}) 65. Rxb7+ Kxc5 66. Rxf7 a4
(66... Nd4 67. Ke4 Rd1 68. Bg7 Nc6 69. Bf8+ Kc4 70. Rc7 Re1+ 71. Kf3 Kb5 72.
Kf2 Re5 73. Rb7+ Ka6 74. Rc7 Kb6 75. Rc8 a4 $19 {Komodo13}) 67. Rc7+ Kb4 68.
Rb7+ Ka3 {and Wh lost on time} (68... Ka3 69. Rb6 Ne3 70. Rxe6 Nc4 71. Bf6 {
and Wh should be able to give up his B for for the a pawn to draw}) (68... Kc5
69. Rc7+ Kb6 70. Rf7 a3 71. Rf6 Ne7 72. Rxe6+ Nc6 73. Bf6 {[%eval 0,0]
Komodo13 says winning, but the a pawn will be unlikely to get through past the}
) 0-1

[Event "North Wales Open"]
[Site "Llandudno"]
[Date "2019.06.22"]
[Round "3.3"]
[White "Davies, Nigel R"]
[Black "Shakespeare, John"]
[Result "1-0"]
[WhiteElo "2494"]
[BlackElo "1950"]
[Annotator "kemen"]
[PlyCount "115"]
[EventDate "2019.06.22"]
[EventRounds "5"]
[EventCountry "WLS"]

1. Nf3 Nf6 2. g3 e6 3. Bg2 d5 4. O-O Be7 5. d3 O-O 6. Nbd2 Nc6 (6... c5 {main})
7. c3 (7. e4 dxe4 8. dxe4 e5 9. c3 {main}) 7... a5 (7... e5) 8. e4 dxe4 9. dxe4
e5 10. Qc2 Qe8 $146 (10... Be6) (10... Bc5) 11. Nc4 Bc5 12. Ne3 (12. Be3) 12...
Be6 13. Ng5 Bd7 (13... Nb8 14. Nxe6 Qxe6 15. Nd5 Nxd5 16. exd5 Qd6 $11 {
Komodo13}) 14. Nd5 Bd6 (14... Qd8 $14) 15. Nxf6+ gxf6 16. Nf3 $16 Qc8 17. Nh4
Ne7 18. Be3 Kh8 19. Rad1 Be6 20. c4 Nc6 21. c5 Be7 22. Nf5 a4 23. Qb1 (23. b4
Nxb4 24. Qb2 Nc6 25. f4 $18 {Komodo13}) 23... Rg8 24. Rd2 Rg6 25. Rfd1 Qf8 26.
Nxe7 Qxe7 27. b4 axb3 28. axb3 Rgg8 29. b4 Ra4 30. Rb2 $14 Rga8 (30... Bg4) 31.
Bf1 Bg4 $11 {Deep Fritz13 & Komodo13} 32. Rc1 Bf3 (32... Nd4) 33. h3 h5 34. Kh2
Ra3 (34... h4 $11 {both Engines}) 35. Bg2 Nd4 36. Bxf3 Nxf3+ 37. Kg2 Ng5 (37...
Nd4 $11) 38. h4 Ne6 39. Qc2 $11 Kg7 (39... Rg8 40. Qd2 Rg4 $11 {Deep Fritz13})
(39... Nf4+ $1 {Komodo13} 40. gxf4 (40. Kh2 Qe6 41. Bxf4 exf4 42. Qd2 Qe5 $17
43. gxf4 $2 Qe6 $19) 40... Rg8+ 41. Kf1 {other moves lose} exf4 42. Bxf4 Qe6
43. Qe2 Qh3+ 44. Ke1 Rg1+ 45. Kd2 Qd7+ 46. Kc2 (46. Bd6 $5 Rxc1 47. Kxc1 cxd6
$11) 46... Qa4+ 47. Kd2 Qd7+ $11 {Komodo13}) 40. Qe2 $16 Rh8 (40... Kg6) 41.
Rd2 Raa8 42. Rcd1 Rad8 43. Rd5 $18 {the Bl forces have retreated & are left
with the K side structural weaknesses} Kg6 44. b5 {Deep Fritz13} (44. Kh2 {
Komodo13, preparing to open the g file}) 44... c6 45. bxc6 bxc6 46. Rd6 Rxd6
47. cxd6 Qb7 (47... Qd7) 48. f4 (48. g4 $1 {both Engines} Nd4 49. Bxd4 exd4 50.
Rxd4 Qa7 51. Qd3 Kg7 52. gxh5 Qd7 53. Qf3 $18 {Komodo13}) 48... Nf8 49. Kh2 (
49. f5+ Kg7 50. g4 $18 {both Engines}) 49... Nd7 50. f5+ Kg7 51. g4 Qb4 52.
gxh5 Kh7 53. Rg1 Qxe4 54. Rg7+ Kxg7 55. Bh6+ Rxh6 56. Qxe4 c5 57. Qg2+ Kh7 58.
Qb7 1-0

[Event "North Wales Open"]
[Site "Llandudno"]
[Date "2019.06.22"]
[Round "3.4"]
[White "Van Kemenade, Julie"]
[Black "Hayward, Philip T"]
[Result "0-1"]
[WhiteElo "1718"]
[BlackElo "1976"]
[Annotator "kemen"]
[PlyCount "130"]
[EventDate "2019.06.22"]
[EventRounds "5"]
[EventCountry "WLS"]

1. e4 e6 2. d3 c5 3. g3 Nc6 4. Nf3 Nge7 5. Bg2 g6 6. O-O Bg7 7. c3 e5 (7... O-O
) 8. Nbd2 (8. Be3 {main,text scores better}) (8. a3 O-O 9. b4 {Gawain Jones})
8... d6 9. Re1 (9. a3 {main}) 9... O-O 10. Nf1 h6 11. Ne3 Be6 12. Nh4 {still
all moves main} Qd7 (12... d5) 13. Bf3 (13. f4 {0.5-2.5}) (13. Nd5 {0.5-1.5})
13... b6 (13... d5 $17) 14. Bg4 (14. Nd5 $11 {Komodo13}) 14... f5 (14... d5 15.
Bxe6 Qxe6 16. exd5 Nxd5 17. Nc4 Nde7 $17 {Komodo13}) 15. Bh3 (15. exf5 gxf5 16.
Bh5 $11 {Komodo13}) 15... f4 $17 16. Bxe6+ Qxe6 17. Nd5 Qh3 18. Qf3 (18. Nxe7+
Nxe7 19. Qf3) 18... g5 (18... Nxd5 19. exd5 Ne7 20. c4 Rf6 $19 {Komodo13}) 19.
Qg2 Qd7 (19... Qe6) 20. Nf3 g4 21. Nh4 f3 22. Qf1 Nxd5 23. exd5 Ne7 24. c4 Qe8
(24... Kh7 25. h3 Bf6 26. hxg4 Bxh4 27. Qh3 Bf6 28. Qxh6+ Kg8 $19 {Komodo13})
25. h3 h5 26. Bg5 $11 (26. Re4 $11) 26... Bf6 (26... Nf5) 27. Bxf6 Rxf6 28. Re4
$14 Qd7 29. hxg4 (29. Qc1 Kh7 (29... Kf7 30. Qg5 Rh8 31. hxg4 hxg4 32. b4 $16 {
Komodo13} (32. Qxg4 Qxg4 33. Rxg4 Nf5 34. Re1 $11 (34. Nxf3 Nh6 35. Nh2 Nxg4
36. Nxg4 Rf3 37. Ne3 $15)) (32. Rxg4 Rfh6 33. Nxf3 Rg6 34. Nxe5+ dxe5 35. Qxe5
Qxg4 36. Qxh8 Qe2 37. Qh7+ $11 {Komodo13})) 30. hxg4 hxg4 31. Qg5 $16 {Komodo13
}) 29... hxg4 30. Qc1 Kf7 31. Qg5 Rg8 32. Qh5+ Kf8 $11 33. Rae1 (33. b4 {
Komodo13} cxb4 34. d4 Qe8 (34... exd4 35. Rae1 $18) 35. Qxe8+ Kxe8 36. dxe5
dxe5 37. Rxe5 Kd7 38. Rae1 $11 {Komodo13}) 33... Qe8 (33... Nf5 $1 34. Rxg4
Nxg3 35. Rxg8+ Kxg8 36. Qg5+ Qg7 37. Qxg7+ Kxg7 38. Nxf3 Rxf3 39. fxg3 Rxg3+
40. Kf1 Rxd3 $17 {Komodo13}) 34. Qxe8+ Kxe8 35. R1e3 $19 (35. b4 $1 $11 {
Komodo13} cxb4 (35... Kd7 36. bxc5 bxc5 37. Rb1 Kc7 38. Rb2 Nf5 39. Re1 (39.
Nxf5 Rxf5 40. Re1 Rh5 41. Reb1 Rgh8 42. Rb7+ Kd8 43. Rb8+ Ke7 44. R1b7+ Kf6 45.
Rxh8 Rxh8 46. Rd7 Rb8 47. Rxd6+ Kf5 48. Rc6 Rb1+ 49. Kh2 Rd1 50. Rxc5 Rxd3 51.
Rc7 Rd2 52. Kg1 Rd1+ 53. Kh2 Rf1 54. d6 Rxf2+ 55. Kg1 Rd2 56. c5 Ke4 (56... e4
57. Re7 $11) 57. Re7 Kd5 58. Kf1 Rd4 59. d7 Kc6 60. Rxe5 Kxd7 61. Rg5 Kc6 $17)
39... Rb8 40. Rxb8 Kxb8 41. Nxf5 Rxf5 42. Re4 Rg5 43. Kf1 $11 {Komodo13}) 36.
d4 Kd7 37. dxe5 dxe5 38. Rxe5 Nc8 39. Re6 Rxe6 40. dxe6+ Ke7 41. Nf5+ Kf6 42.
e7 Re8 43. Nh6 Kg5 44. Nf7+ Kf5 45. Nh6+ $11 {Komodo13}) 35... Rh6 36. Kf1 Nf5
37. Ke1 (37. Rxe5+ dxe5 38. Rxe5+ Ne7 39. Ke1 Rf6 $19 {Komodo13}) 37... Nxh4
38. gxh4 Rxh4 $19 39. Rf4 Rf8 (39... Rh1+ 40. Kd2 Rf1 $19 {Komodo13}) 40. Rxf8+
Kxf8 41. Re4 a5 (41... Rh1+ 42. Kd2 g3 43. Re3 g2 44. Rxf3+ Ke7 45. Rg3 g1=Q
46. Rxg1 Rxg1 $19 {Komodo13}) 42. a4 (42. Kd2 Kf7 43. Re1 Kg6 44. Ke3 Kf5 45.
b3 Rh3 46. Rg1 Rh5 47. Rb1 Rh2 48. Rf1 {and Bl needs a bit of footwork to
enable a breakthrough} Rh8 49. Rb1 Re8 50. Rh1 e4 51. Rh5+ Kg6 52. Rh2 exd3+
53. Kxd3 Re2 54. a3 Kg5 55. a4 Kf4 56. Kc3 Rxf2 57. Rxf2 g3 $19) 42... Kf7 43.
Kd2 Kf6 44. Re1 Rh2 45. Ke3 Kg5 46. Rg1 Rg2 (46... Kf5) 47. Rh1 (47. Rf1 Rh2
48. Ke4 Kh5 49. Ke3 {and the Engine makes no real progress for Bl in its
analyses} g3 (49... Kg5 50. Ke4 Kh4 51. Ke3 {is a fortress}) 50. Kxf3 gxf2 51.
Rxf2 Rxf2+ 52. Kxf2 $11) 47... g3 $19 48. Kxf3 Rxf2+ 49. Kxg3 Rd2 $1 $19 (49...
Rxb2 50. Kf3 $11) 50. Rh8 Rxd3+ 51. Kf2 e4 (51... Rb3 $19) 52. Rd8 Kf4 53. Rf8+
(53. Rxd6 {is a better chance, though} Rd2+ 54. Ke1 Rxb2 55. Rh6 Rc2 56. d6
Rc1+ 57. Kf2 Rxc4 58. d7 Rd4 $19 {Komodo13}) 53... Ke5 54. Ke2 Rb3 55. Re8+ Kd4
56. Re6 Rxb2+ 57. Kd1 Kd3 58. Kc1 Rc2+ (58... Rb4 59. Rxd6 e3 60. Re6 e2 61. d6
Rxc4+ 62. Kb2 Rd4 {Komodo13}) 59. Kb1 Rxc4 60. Rxd6 e3 61. Rxb6 (61. Re6 e2 62.
d6 Re4 63. Rxe4 Kxe4 64. d7 e1=Q+ 65. Kc2 Qh4 (65... Qe2+ 66. Kc1 Qd3)) 61...
Rb4+ 62. Rxb4 cxb4 63. d6 e2 64. d7 e1=Q+ 65. Kb2 Qe7 (65... Qd2+ 66. Ka1 Kc3
67. d8=Q Qb2#) 0-1

[Event "North Wales Open"]
[Site "Llandudno"]
[Date "2019.06.22"]
[Round "3.5"]
[White "Van Kemenade, Rudy"]
[Black "Camp, Imogen A L"]
[Result "1/2-1/2"]
[WhiteElo "1931"]
[BlackElo "1886"]
[Annotator "kemen"]
[PlyCount "89"]
[EventDate "2019.06.22"]
[EventRounds "5"]
[EventCountry "WLS"]

1. e4 e5 2. Nf3 Nc6 3. Bb5 a6 4. Ba4 d6 5. c4 Bd7 (5... Bg4 6. h3 Bxf3 7. Qxf3
Nf6 8. d3 Nd7 9. Be3 Nc5 10. Bxc5 dxc5 11. Bxc6+ bxc6 12. Nc3 {Van Kemenade-FN
Stephenson, Cleveland 1987,1/2-1/2}) 6. Nc3 (6. O-O g6 7. d4 Bg7 8. dxe5 dxe5
9. Nc3 Nge7 10. Bg5 f6 11. Be3 {Van Kemenade-G James, British Seniors,
Aberytwyth 2014,1/2-1/2}) 6... Nf6 7. O-O g6 8. d4 exd4 9. Nxd4 Bg7 10. Bg5 (
10. Nxc6 Bxc6 11. Bxc6+ bxc6 12. Qa4 Qd7 13. c5 O-O 14. Rd1 {1.5-0.5}) 10... h6
11. Bh4 {trying to provoke K side pawn weaknesses} (11. Nxc6 bxc6 12. Bh4 O-O
13. f4 Qb8 14. Qd2 Ng4 15. Kh1 Qb6 16. Rf3 Rab8 17. b3 Bd4 18. Rd1 Ne3 19. Re1
Ng4 20. h3 Nf6 21. Ne2 Nxe4 22. Qxd4 {Petrenko-Grigorieva,Cheliabinsk Kibizov
memorial 2018, 1-0}) 11... O-O (11... Nxd4 12. Bxd7+ Qxd7 13. Qxd4 Nh5 14. Qd3
Qg4 15. Bg3 Nxg3 16. hxg3 O-O $11 {Komodo13}) 12. Bc2 (12. Nxc6) 12... Qe8 (
12... b5 $11 {Komodo13}) 13. Re1 Nxd4 14. Qxd4 Nh5 15. Qd2 Qe5 16. Nd5 g5 17.
Bg3 Nxg3 18. hxg3 c6 19. Nc3 (19. Ne3 {considered} Qxb2 20. Rab1 Qd4 21. Qxd4
Bxd4 22. Rxb7 Be6 23. Ba4 Rfc8 24. Nf5 Bxf5 25. exf5 Rab8 26. Ree7 Rxb7 27.
Rxb7 Kg7 28. g4 $11 {Komodo13}) 19... Rad8 20. Rad1 Be6 $15 (20... Bg4 21. f3
Be6 $17 {Komodo13}) 21. Bb3 b5 22. cxb5 Bxb3 23. axb3 axb5 24. b4 Qe6 {on a
pawn hunt} (24... f5 25. exf5 Qxf5 $11 {Komodo13}) 25. Re3 Qc4 (25... Rfe8 26.
Rd3 Qg6 27. Rxd6 Rxd6 28. Qxd6 Bxc3 29. bxc3 Rxe4 30. Qxg6+ fxg6 31. Rd6 Rc4
32. Rxg6+ Kh7 33. Rd6 Rxc3 34. g4 Rc4 35. f3 Rxb4 36. Rxc6 $11 {Komodo13}) 26.
Ne2 $14 Rfe8 (26... d5 $2 27. b3 $18 {seen by Wh}) 27. Rc1 Qa2 28. Nd4 {
Komodo13, second idea of Wh} (28. Rxc6 {keeping the N leaving a long open line
with nothing on it for the B, might have been a better try} Qxb2 (28... Rxe4 {
Komodo13} 29. Nc3 (29. Rxe4 Qb1+ 30. Kh2 Qxe4 31. Rc7 d5 32. Nc1 Bf8 33. Nd3
$11) 29... Bxc3 30. Rexc3 Qa7 31. Rc8 Rxc8 32. Rxc8+ Kg7 33. Qc3+ Qd4 34. Rc6
$11 (34. Rb8 $11)) 29. Rc2 Qb1+ {seen by Wh} (29... Qe5 30. Nc3 $14 {the N
gets to d5}) 30. Kh2 Rc8 31. Rxc8 Rxc8 32. Qxd6 Qf1 33. Qd3 Ra8 34. Nc3 Qxd3
35. Rxd3 Bxc3 36. Rxc3 Ra4 37. Rb3 Ra2 38. f3 g4 $11 {Komodo13}) 28... Bxd4 29.
Qxd4 c5 30. Qf6 Qe6 31. Qxe6 Rxe6 32. bxc5 dxc5 33. Rxc5 Rd1+ 34. Kh2 Rd2 35.
Rxb5 (35. Rf3 Rxe4 36. Rc7 (36. Rc8+ Kg7 37. Rc7 Kg6 38. b3 g4 39. Rfxf7 Ree2
40. Rg7+ Kf6 41. Rxg4 Rxf2 42. Rf4+ Rxf4 43. gxf4 Rd3 $11) 36... g4 37. Rfxf7
Rd5 38. Rfe7 Rxe7 39. Rxe7 Rd2 40. Re4 h5 41. Rb4 Rd5 (41... Kf7 42. Rxb5 Kg6
$11 {Komodo13}) 42. f3 Rg5 43. fxg4 hxg4 (43... Rxg4 44. Rxb5 $18) 44. Kg1 $16)
35... Rxf2 36. Rf3 (36. e5 f6 $11) 36... Rd2 (36... Rf6 37. Rxf6 Rxf6 38. Kg1
Rd6 $11 {Komodo13}) 37. Rb8+ (37. Rb7 Rxe4 (37... Kg7 38. Rfxf7+ Kg6 39. Rg7+
Kf6 40. Rh7 Ke5 41. Rb4 Rd4 42. Rxd4 Kxd4 43. Kh3 Kxe4 44. Kg4 Rb6 45. Kh5 Rxb2
46. Rxh6 Kf5 47. Ra6 g4 {drawn, Lomonosov tablebases}) 38. Rfxf7 Rxb2 (38...
Ree2 39. Kh3 Rxg2 40. Rg7+ Kh8 41. Rh7+ Kg8 42. Rhc7 Rh2+ 43. Kg4 Rd4+ 44. Kf5
Rhd2 45. Rg7+ Kh8 46. Rh7+ Kg8 47. Rxh6 Rd5+ 48. Kg4 Rd7 $18) 39. Rg7+ Kh8 40.
Rh7+ Kg8 41. Rbg7+ Kf8 42. Ra7 Kg8 $11) 37... Kg7 38. Rb7 Rxe4 39. Rbxf7+ Kg6
40. R3f6+ Kh5 41. Rf2 (41. Kh3 g4+ 42. Kh2 Ree2 43. Rf5+ Kg6 44. R5f6+ $11)
41... Rxf2 42. Rxf2 Rb4 43. Kh3 Rb3 44. Rc2 Rb4 45. Rf2 {(draw?)} 1/2-1/2

[Event "North Wales Open"]
[Site "Llandudno"]
[Date "2019.06.22"]
[Round "3.6"]
[White "Sandhu, Manvith"]
[Black "Cukovs, Oleg"]
[Result "1-0"]
[WhiteElo "1602"]
[BlackElo "1910"]
[Annotator "kemen"]
[PlyCount "103"]
[EventDate "2019.06.22"]
[EventRounds "5"]
[EventCountry "WLS"]

1. e4 e5 2. Nf3 f5 3. Nc3 (3. Nxe5) (3. Bc4) 3... fxe4 4. Nxe4 (4. Nxe5 {main})
4... d5 5. Ng3 (5. Nxe5 {descibed as murky in Lein & Pickard 1995}) 5... e4 6.
Ng1 (6. Nd4) (6. Ne5 {main lines}) 6... Nf6 7. d3 (7. f3 Bc5 8. Be2 O-O 9. d4
Bb6 10. c3 Nc6 11. fxe4 Nxe4 12. Nxe4 dxe4 13. Be3 Ne7 14. Qb3+ Nd5 15. Bc4 Be6
16. Bxd5 Qxd5 {Kohut-Priecinsky, SVK ch U16, Tatralandia 2015,draw agreed})
7... exd3 8. Bxd3 $11 Bc5 9. Qe2+ Qe7 10. Qxe7+ Bxe7 11. Nf3 Nc6 12. O-O Bg4 (
12... O-O) 13. Be2 (13. Nf5 Bxf3 14. gxf3 O-O 15. Nxe7+ Nxe7 16. Re1 Nc6 17. c3
Nh5 18. Kg2 $11 {Komodo13}) 13... O-O-O 14. h3 Bxf3 15. Bxf3 Nd4 16. Bd1 Rhe8
17. c3 Nc6 18. Bc2 (18. Nf5 $14) 18... g6 (18... d4 $11) 19. Re1 Bd6 20. Bg5
Bxg3 21. fxg3 Rxe1+ 22. Rxe1 $16 {Wh has 2 Bs in an open game} Re8 (22... Rf8
$5) 23. Rxe8+ Nxe8 {Bl's pawn on the Q side may produce a passed d pawn, which
is easily stopped. wh's Bs can , in the absence of the Bl K probe the K side
pawns} 24. Bb3 d4 (24... Nd6 {Komodo13 immediately gives up a pawn to activate
the Ns}) 25. Be6+ Kb8 26. cxd4 $18 Nxd4 27. Bg8 Ng7 (27... Nd6) 28. Bf6 Nge6
29. Bxh7 g5 30. Kf2 (30. h4 {Komodo13 starts to run the distant pawn through})
30... Nf8 31. Bxd4 (31. Bd3 Nde6 32. Bf5 c6 33. h4 $18 {Komodo13}) 31... Nxh7
32. Kf3 Kc8 33. Kg4 Kd7 34. Be3 (34. Kf5 {using the K to break in} Ke7 35. g4
Ke8 36. Bf6 $18 (36. Bxa7 $18)) 34... Ke6 35. Bxg5 (35. Bxa7 {also}) 35... c5
36. Be3 (36. h4) 36... Nf6+ 37. Kf4 (37. Kg5 Ne4+ 38. Kf4) 37... b6 38. g4 Nd5+
39. Ke4 Nf6+ 40. Kf3 {Bl could resign , as his extra Q side pawn will never
get past the the B; while the same B helps the Wh pawns advance.} Nd5 41. a3 c4
42. Bd2 (42. Bd4) 42... b5 43. g5 {there are lots of ways for Wh to win} Kf5
44. g4+ Kg6 45. Ke4 Ne7 46. h4 Nc8 47. h5+ Kh7 48. Ke5 Nb6 49. Kf6 Nd7+ 50. Ke6
Nc5+ 51. Kf7 Ne4 52. g6+ 1-0

[Event "North Wales Open"]
[Site "Llandudno"]
[Date "2019.06.22"]
[Round "3.7"]
[White "Biermann, Florian"]
[Black "Whitehead, Mark A"]
[Result "0-1"]
[WhiteElo "1815"]
[BlackElo "1901"]
[Annotator "kemen"]
[PlyCount "96"]
[EventDate "2019.06.22"]
[EventRounds "5"]
[EventCountry "WLS"]

1. e4 c5 2. Nc3 a6 3. a4 Nc6 4. Bc4 Nf6 5. d3 d6 6. f4 e6 (6... Bg4) 7. Nf3 Qc7
8. O-O Be7 9. Qe1 O-O 10. e5 (10. Qg3 {main}) 10... Nd7 11. exd6 (11. Qg3)
11... Bxd6 12. Bxe6 $5 (12. Qh4 {1 game each}) 12... fxe6 13. Qxe6+ Kh8 $19 14.
Ne4 Be7 15. Nfg5 Nde5 (15... h6 $19 {also fine for Bl}) 16. Qd5 Bxg5 17. Nxg5
Qd7 (17... Nd4 $1 18. Bd2 Ng4 $19 {Komodo13}) 18. Qxc5 {3 pawns for a piece is
frequently enough compensation} Ng6 $15 19. Nxh7 $2 Rf5 $19 (19... Kxh7 20.
Qh5+ Kg8 21. Qxg6 Qd4+ 22. Kh1 Bf5 $17) 20. Qf2 Kxh7 21. g4 Rf7 22. f5 Nge5 23.
h3 Nd4 24. Be3 Ndf3+ 25. Kh1 Qc6 $19 (25... Qd5 $19) (25... b6 $1 $19 {Komodo13
}) 26. Qg2 b6 27. d4 Nh4 (27... Nc4 28. Bf4 Bb7 29. Rad1 Qe4 $19 {Komodo13})
28. Qxc6 Nxc6 29. Kh2 Ne7 (29... Nb4 30. Bg5 Nxf5 31. c3 Kg6 32. h4 Nxh4 33.
Rxf7 Kxf7 34. Bxh4 Nd3 $19 {Komodo13}) 30. Bg5 Nhxf5 31. gxf5 Nxf5 $19 32. Rad1
Bb7 (32... Bd7) 33. d5 Raf8 (33... Rc8) 34. c4 Nd6 35. Rxf7 Rxf7 36. b3 Rf2+
37. Kg1 Rf7 {playing safe against the d pawn} (37... Rf3 $1 {Komodo13} 38. Be7
Nf5 39. d6 Rxh3 40. Rd5 (40. d7 Rh1+ 41. Kf2 Rxd1 42. d8=Q Rxd8 43. Bxd8 Be4
$19) 40... Bxd5 41. d7 Rh1+ 42. Kf2 Rh2+ 43. Ke1 (43. Kg1 Rg2+ 44. Kf1 (44. Kh1
Ng3#) 44... Ne3+ 45. Ke1 Bf3 46. d8=Q Re2# {Komodo13}) 43... Bf3 44. d8=Q Re2+
45. Kd1 (45. Kf1 Ng3+ 46. Kg1 Rg2#) 45... Nd4 $19 {and Wh will lose the Q or
the B; Komodo13.}) 38. Bd8 Nc8 (38... Rf3 39. Bxb6 Rg3+ 40. Kf1 Rxb3 41. a5 Bc8
42. c5 Ne4 43. Rd4 Bxh3+ 44. Ke1 Re3+ 45. Kd1 Bf5 $19 {but its tricky for
humans to calculate exactly} 46. d6 Rc3 47. Ke2 (47. d7 Bg4+ 48. Ke1 Rc1+ 49.
Rd1 Rxd1# {Komodo13}) 47... Nxc5 48. Bxc5 Rxc5 49. d7 Re5+ 50. Kd2 Bxd7 51.
Rxd7 Rxa5 $19 {Komodo13}) 39. d6 {it looks like the pawns are better kept as a
solid block; restricting the B. If the N moves then the b pawn goes & Bl must
keep his g pawn intact as his B does not control the queening square of the a
pawn} (39. Rf1 Kg6 40. Rxf7 Kxf7 41. Kf2 $11 {Komodo13}) 39... Bc6 40. Be7 Bd7
(40... Nxe7 41. d7 Bxd7 42. Rxd7 Kg6 43. Ra7 a5 44. c5 bxc5 45. Rxa5 Rf3 46.
Rxc5 Rxb3 {should win eventually for Bl because of the g pawn}) 41. Re1 (41.
Kg2 Bc6+ (41... Nxe7 42. dxe7 Bc6+ 43. Kg3 Rxe7 44. Rd6 Rc7 $19) 42. Kh2 Nxe7
43. dxe7 Rxe7 44. Rd6 Rc7 {transposes}) (41. Kh2 Rf3 {wins b pawn or h pawn
initially}) 41... Bxh3 (41... Rf3) 42. a5 bxa5 43. c5 Bd7 44. Bd8 Rf3 45. Ra1
Rxb3 46. Rxa5 Rb5 47. Rxa6 Rxc5 48. Ra7 $2 Nxa7 0-1

[Event "North Wales Open"]
[Site "Llandudno"]
[Date "2019.06.22"]
[Round "3.8"]
[White "Patrick, David A"]
[Black "Farrar, Gordon"]
[Result "1-0"]
[WhiteElo "1878"]
[BlackElo "1750"]
[Annotator "kemen"]
[PlyCount "45"]
[EventDate "2019.06.22"]
[EventRounds "5"]
[EventCountry "WLS"]

1. e4 e5 2. Nf3 d6 3. d4 exd4 4. Nxd4 Nf6 5. Nc3 Be7 6. h3 (6. Be2) 6... O-O 7.
Be3 Nc6 (7... Re8) 8. Nxc6 (8. Qd2 {main}) 8... bxc6 9. Be2 $146 (9. g4 Nd7 10.
Bg2 Rb8 11. b3 c5 12. Nd5 Bb7 13. O-O Re8 14. Re1 Bf8 15. Qd2 Bxd5 16. Qxd5 h6
17. Bd2 Ne5 18. Bc3 g5 {Di Trapani-Schaufelberger, Cesenatico op 2013,1/2-1/2;
only other example}) 9... a5 10. O-O Ba6 (10... d5 11. e5 Nd7 12. f4 a4 13. a3
Bc5 $11 {Komodo13}) (10... Be6 11. Qd3 Nd7 $14 {Fritz13}) 11. f4 Nd7 12. Bxa6
Rxa6 13. Qd3 (13. Qg4 $16 {Komodo13}) 13... Ra8 14. Ne2 Qb8 15. Rab1 (15. Nd4 {
Fritz13 & Komodo13}) 15... Qb5 16. c4 Qh5 (16... Qb7) 17. Ng3 (17. Nd4 Nc5 18.
Qc2 Rfe8 19. Nf5 $16 {both Engines}) 17... Qg6 18. Rf3 (18. Nf5) 18... Nb6 (
18... Qe6 19. Bd4 c5 20. Bc3 Bf6 21. Bxf6 Nxf6 22. Rd1 a4 $11 {Komodo13}) 19.
Nf5 {Fritz13} (19. f5 Qf6 20. e5 dxe5 21. Ne4 Qh4 22. Bf2 Qh6 23. f6 gxf6 24.
Be3 Qh5 25. Rxf6 $18 {Komodo13}) 19... Bf6 (19... Qe6 20. Rg3 $18) 20. e5 (20.
Rg3 $18 {both Engines} Qh5 21. Bd4 Bxd4+ 22. Qxd4 f6 23. Rxg7+ Kh8 24. Rxc7 $18
) 20... Nxc4 (20... dxe5 21. fxe5 Rad8 22. Qf1 Bg5 23. Bxg5 Qxg5 24. Rg3 $18 {
Komodo13}) 21. exf6 Qxf6 22. Bd4 Qe6 23. Nxg7 $18 (23. Bxg7 $18) (23. Rg3 $18)
1-0